Devrim Üzerine / (Record no. 200130775)
[ view plain ]
| 000 -LEADER | |
|---|---|
| fixed length control field | 01151 a2200325 4500 |
| 001 - CONTROL NUMBER | |
| control field | 200130775 |
| 003 - CONTROL NUMBER IDENTIFIER | |
| control field | TR-AnTOB |
| 005 - DATE AND TIME OF LATEST TRANSACTION | |
| control field | 20190805170152.0 |
| 008 - FIXED-LENGTH DATA ELEMENTS--GENERAL INFORMATION | |
| fixed length control field | 190514b xxu||||| |||| 00| 0 tur d |
| 020 ## - INTERNATIONAL STANDARD BOOK NUMBER | |
| International Standard Book Number | 9789750511219 |
| 040 ## - CATALOGING SOURCE | |
| Original cataloging agency | TR-AnTOB |
| Transcribing agency | TR-AnTOB |
| 041 ## - LANGUAGE CODE | |
| Language code of text/sound track or separate title | Türkçe |
| 050 ## - LIBRARY OF CONGRESS CALL NUMBER | |
| Classification number | JC491 |
| Item number | A6819 2012 |
| 090 ## - LOCALLY ASSIGNED LC-TYPE CALL NUMBER (OCLC); LOCAL CALL NUMBER (RLIN) | |
| Classification number (OCLC) (R) ; Classification number, CALL (RLIN) (NR) | JC491 A6819 2012 |
| 100 1# - MAIN ENTRY--PERSONAL NAME | |
| Personal name | Arendt, Hannah, |
| Dates associated with a name | 1906-1975 |
| 9 (RLIN) | 93981 |
| 245 10 - TITLE STATEMENT | |
| Title | Devrim Üzerine / |
| Statement of responsibility, etc. | çeviren Onur Eylül Kara. |
| 264 #1 - PRODUCTION, PUBLICATION, DISTRIBUTION, MANUFACTURE, AND COPYRIGHT NOTICE | |
| Place of production, publication, distribution, manufacture | İstanbul: |
| Name of producer, publisher, distributor, manufacturer | İletişim Yayınları, |
| Date of production, publication, distribution, manufacture, or copyright notice | 2012. |
| 300 ## - PHYSICAL DESCRIPTION | |
| Extent | 398 s. ; |
| Dimensions | 24 cm. |
| 336 ## - CONTENT TYPE | |
| Source | rdacontent |
| Content type term | text |
| Content type code | txt |
| 337 ## - MEDIA TYPE | |
| Source | rdamedia |
| Media type term | unmediated |
| Media type code | n |
| 338 ## - CARRIER TYPE | |
| Source | rdacarrier |
| Carrier type term | volume |
| Carrier type code | nc |
| 490 0# - SERIES STATEMENT | |
| Series statement | İletişim Yayınları ; |
| Volume/sequential designation | 1825 |
| Series statement | Politika Dizisi ; |
| Volume/sequential designation | 105 |
| 504 ## - BIBLIOGRAPHY, ETC. NOTE | |
| Bibliography, etc. note | |
| 505 ## - FORMATTED CONTENTS NOTE | |
| Formatted contents note | Savaş ve devrim -- Devrimin anlamı -- Toplumsal sorun -- Mutluluk arayışı -- Kurtuluş I: constitutio libertatis -- Kurtuluş II: novus ordo saeclorum -- Devrimci gelenek ve onun kayıp mirası. |
| 650 #0 - SUBJECT ADDED ENTRY--TOPICAL TERM | |
| Topical term or geographic name entry element | Revolutions |
| 9 (RLIN) | 61221 |
| Topical term or geographic name entry element | Devrimler |
| 9 (RLIN) | 61222 |
| 700 1# - ADDED ENTRY--PERSONAL NAME | |
| Personal name | Kara, Onur Eylül |
| 9 (RLIN) | 93966 |
| 942 ## - ADDED ENTRY ELEMENTS (KOHA) | |
| Koha item type | Book |
| Source of classification or shelving scheme | Library of Congress Classification |
| Withdrawn status | Lost status | Source of classification or shelving scheme | Not for loan | Collection code | Home library | Current library | Shelving location | Date acquired | Source of acquisition | Cost, normal purchase price | Inventory number | Total Checkouts | Total Holds | Full call number | Barcode | Copy number | Cost, replacement price | Date shelved | Koha item type |
|---|---|---|---|---|---|---|---|---|---|---|---|---|---|---|---|---|---|---|---|
| Library of Congress Classification | Ödünç Verilebilir / Available | Genel Koleksiyon | Merkez Kütüphane | Merkez Kütüphane | Genel Koleksiyon / Main Collection | 04/11/2013 | Satın Alma / Purchase | 0.00 | SUİ | JC491 .A6819 2012 | 0043206 | 1 | 20.00 | 21/10/2013 | Book | ||||
| Library of Congress Classification | Ödünç Verilebilir / Available | Genel Koleksiyon | Merkez Kütüphane | Merkez Kütüphane | Genel Koleksiyon / Main Collection | 04/11/2013 | Satın Alma / Purchase | 0.00 | SUİ | JC491 .A6819 2012 | 0043207 | 2 | 20.00 | 04/11/2013 | Book |
